Statistiques concernant Frontières du Niger

Cliquez ici pour prendre le quiz!

Statistiques générales

  • Ce quiz a été pris 60 fois
  • Le résultat moyen est 6 sur 7

Statistiques - réponses

KilomètresPays% Correct
1 497Nigeria
98%
821Mali
98%
1 175Tchad
96%
956Algérie
95%
266Bénin
86%
354Libye
84%
628Burkina Faso
66%

Distribution des résultats

Percentile par nombre de réponses

% des personnes avec chaque résultat

Votre développement - résultats

Vous n’avez pas pris ce quiz